000 00432nam a22001697a 4500
005 20180203123421.0
008 160429b xxu||||| |||| 00| 0 eng d
020 _a0-07-044736-5
041 _aeng
082 _b00738
_a004.028
100 _aGilster, Ron
_94063
245 _aPC Hardware: A beginners guide
260 _aNew Delhi
_bTata MC Graw Hill,
_c2004
300 _a651
650 _aInformation Technology
_9137
942 _cBK
999 _c218
_d218